The Vladivostok collection, Russia, offered on behalf of a gentleman (Record no. 1569)

000 -LEADER
fixed length control field 00518nam a22001577a 4500
003 - CONTROL NUMBER IDENTIFIER
control field OSt
008 - FIXED-LENGTH DATA ELEMENTS--GENERAL INFORMATION
fixed length control field 150615b xxu||||| |||| 00| 0 eng d
041 ## - LANGUAGE CODE
Language code of text/sound track or separate title eng
100 1# - MAIN ENTRY--PERSONAL NAME
Personal name Cherrystone Philatelic Auctioneers
245 10 - TITLE STATEMENT
Title The Vladivostok collection, Russia, offered on behalf of a gentleman
246 10 - VARYING FORM OF TITLE
Title proper/short title September 22-23, 2009
260 ## - PUBLICATION, DISTRIBUTION, ETC. (IMPRINT)
Name of publisher, distributor, etc. Cherrystone Philatelic Auctioneers
300 ## - PHYSICAL DESCRIPTION
Extent 0 pages
650 #0 - SUBJECT ADDED ENTRY--TOPICAL TERM
Topical term or geographic name as entry element Union of Soviet Socialist Republics (1917-1991) -- Auction catalogs
650 #0 - SUBJECT ADDED ENTRY--TOPICAL TERM
Topical term or geographic name as entry element Russia -- Auction catalogs
Holdings
Withdrawn status Lost status Damaged status Not for loan Collection code Permanent Location Current Location Date acquired Total Checkouts Barcode Date last seen Price effective from Koha item type
        Richard Drews Northern Philatelic Library Northern Philatelic Library 06/15/2015   1001820 06/28/2015 06/28/2015 Books

Powered by Koha